Les radios de Radio-France - Statistiques

Statistiques générales
  • Ce quiz a été pris 38 fois
  • Le résultat moyen est 17 sur 51
Statistiques - réponses
Nationales /
depuis
Indice Nom % Correct
1975 C France Culture
88%
1975 I France Inter
88%
1987 I France Info
84%
1975 M France Musique
75%
2000 A France bleu {Alsace}
56%
2000 N France bleu {Nord}
56%
2000 P France bleu {Provence}
53%
2000 P France bleu {Paris}
50%
1997 M Mouv'
50%
2000 N France bleu {Normandie}
47%
2000 B France bleu {Bourgogne}
44%
2000 G France bleu {Gironde}
44%
2000 PB France bleu {Pays Basque}
44%
2000 H France bleu {Hérault}
41%
2000 I France bleu {Isère}
41%
2000 P France bleu {Picardie}
41%
2000 B France bleu {Berry}
34%
2000 B France bleu {Besançon}
31%
2000 LR France bleu {La Rochelle}
31%
2000 O France bleu {Occitanie}
31%
2000 P France bleu {Poitou}
31%
2000 M France bleu {Mayenne}
28%
2000 O France bleu {Orléans}
28%
2000 R France bleu {Roussillon}
28%
2000 A France bleu {Auxerre}
25%
2000 CA France bleu {Champagne Ardenne}
25%
2000 L France bleu {Limousin}
25%
2000 M France bleu {Maine}
25%
2000 PS France bleu {Pays de Savoie}
25%
2000 V France bleu {Vaucluse}
25%
2000 A France bleu {Armorique}
22%
2000 C France bleu {Creuse}
22%
2000 GL France bleu {Gard Lozère}
22%
2000 SEL France bleu {Saint-Etienne Loire}
22%
1975 P France Inter Paris
22%
1975 F Radio France Internationale
22%
2000 A France bleu {Azur}
19%
2000 BM France bleu {Belfort Montbéliard}
19%
2000 DA France bleu {Drôme Ardèche}
19%
2000 G France bleu {Gascogne}
19%
2000 LO France bleu {Loire Océan}
19%
2000 P France bleu {Périgord}
19%
2000 T France bleu {Touraine}
19%
2000 BI France bleu {Breizh Izel}
16%
2000 LN France bleu {Lorraine Nord}
16%
2000 SL France bleu {Sud Lorraine}
16%
2000 C France bleu {Cotentin}
13%
2000 E France bleu {Elsass}
13%
2000 PA France bleu {Pays d'Auvergne}
13%
2000 BB France bleu {Béarn Bigorre}
9%
2000 RC France bleu {RCFM}
6%
Aucun quiz correspondant
Distribution des résultats
% des personnes avec chaque résultat
Percentile par nombre de réponses
Votre historique - résultats
Vous n’avez pas pris ce quiz